Sports Quiz

Random Sports or Tennis Quiz

Tennis Players from Serbia Quiz Stats

 Plays Quiz not verified by Sporcle

Score 0/10 Timer 03:00
0 Plays Today
% Correct
Novak Djokovic
99.3%
Ana Ivanovic
92.1%
Jelena Jankovic
91.7%
Janko Tipsarevic
84.5%
Viktor Troicki
76.6%
Nenad Zimonjic
76.6%
Dusan Lajovic
55.8%
Bojana Jovanovski
53.8%
Ilija Bozoljac and Filip Krajinovic
42.6%
Aleksandra Krunic
41.9%

You're not logged in!

Compare scores with friends on all Sporcle quizzes.
Join for Free
OR
Log In

You Might Also Like...

Show Comments

Extras

Top Quizzes Today


Score Distribution

Your Account Isn't Verified!

In order to create a playlist on Sporcle, you need to verify the email address you used during registration. Go to your Sporcle Settings to finish the process.

Report this User

Report this user for behavior that violates our Community Guidelines.

Details: